00781nam a22002417a 450000500170000001000130001702000100003003500130004003700160005304000120006908200160008110000280009724500500012526000370017527000440021230000200025650000410027665000380031765000170035594200250037299900190039795201230041620170124105931.0 aA-709504 c00.00 aA-709504 bCen Lib/Ret aDPLbEN a230.35bPRA aPrabhananda Swami98354 aMore about Ramakrishna /cby Swami Prabhnanda aCulcutta bAdvaita Ashramac1993 a5 Dehi Entally Road bCulcutta e700014 a276p.c16cm(Hb) aIncludes bibliographical references. a Ramakrishna, -- 1836-1886 98355 aHindus98356 2ddccENh230.35mPRA c123878d123878 00104070aLbLd2015-06-12eCen Lib/Retg0.00l0o230.35 PRApA-709504r2015-06-12 00:00:00t1v0.00w2015-06-12yEN